000 00408nam a2200157Ia 4500
008 160316s1973 xxu||||| |||| 00| 0 eng d
082 _a320.010000
_bSAB
100 _aSabine George H
245 _aA history of political theory
250 _a4th
260 _aNew Delhi
_bOxford & IBH Publishing Co.
_c1973
300 _a871p
_b
_c
365 _bRs.
650 _a1.Political Theory - History
700 _a
_a
999 _c6914
_d6914